00884nam a2200241Ia 45000010006000000050017000060070003000230080041000260400025000670410008000920820019001001000023001192450077001422500013002192600040002323000044002726530019003166530016003359420012003519520133003639520129004969990017006254407920240114003614.0ta090220s1915 a g b000 u 903 u aCotton College,Assam a903 a821.8bM 593 W aMills, Alfred H. . 0aWilliam Morris to Robert Buchanan /cAlfred H. Mills.hTextual Documents a1st ed / aLondon :bGeorge Routledge ,c1915. a596p :bThoroghly illustrated ;c18cm . aEnglish-poetry aT/G-English 2ddccBK 001040708Circulation (T/G)aSKBLbSKBLd2012-02-01f00000l0o821.8 M 593 Wp2892/Newr2024-01-14 00:00:00t2w2012-02-01yBK 001040708Circulation (T/G)aSKBLbSKBLd2012-02-01f00000l0o821.8 M 593 Wp2892r2024-01-14 00:00:00t1w2012-02-01yBK c44045d44045